Statistiken für Geographie nach Buchstaben - L

Klicken Sie hier um das Quiz zu spielen!

Allgemein

  • Dieses Quiz wurde 258 mal gespielt
  • Das Durchschnittsergebnis liegt bei 17 aus 24

Antwortstatistiken

HinweisAntwort% Korrekt
Englische Stadt an der ThemseLondon
98%
Berühmtes Pariser MuseumLouvre
96%
Sprache des Römischen ReichesLatein
95%
Glücksspielhauptstadt von AmerikaLas Vegas
92%
Land südlich von LettlandLitauen
92%
Der Name St. Petersburgs von 1924 bis 1991Leningrad
89%
Nachbar von IsraelLibanon
88%
Währung der TürkeiLira
87%
Heimatstadt der BeatlesLiverpool
85%
Region im Norden von Norwegen, Schweden,
Finnland und Russland
Lappland
73%
Stadt mit dem Holstentor (im Bild) an der TraveLübeck
73%
Diese werden oft auf Oktoberfesten getragenLederhosen
72%
Land für befreite amerikanische Sklaven gegründetLiberia
70%
Größte Stadt in NigeriaLagos
63%
Längster Fluss FrankreichsLoire
63%
Griechenlands dritte Insel nach Kreta und RhodosLesbos
60%
Hauptstadt an der Mündung des TejoLissabon
60%
Hier wirkten (und starben) Bach und Mendelssohn BartholdyLeipzig
59%
Neben Ob und Jenissei einer der 3 großen sibirischen FlüsseLena
52%
Großstadt in YorkshireLeeds
49%
100%iger Eigentümer der Fluggesellschaft SWISSLufthansa
43%
Der irische Name für diese Stadt ist LuimneachLimerick
40%
Begründer des TaoismusLaozi
39%
Hauptinsel der PhilippinenLuzon
28%

Verteilung der Resultate

Perzentil nach korrekt beantworteten Fragen

Anzahl Personen mit jedem Resultat

Ihre Resultats-Entwicklung

Sie haben dieses Quiz noch nicht gespielt